Θέματα γραμμικής άλγεβρας
Αποθηκεύτηκε σε:
| Κύριος συγγραφέας: | |
|---|---|
| Μορφή: | Βιβλίο |
| Γλώσσα: | Greek |
| Δημοσίευση: |
[Αθήνα] :
Gutenberg,
1983.
|
| Θέματα: | |
| Ετικέτες: |
Προσθήκη ετικέτας
Δεν υπάρχουν, Καταχωρήστε ετικέτα πρώτοι!
|
MARC
| LEADER | 00000cam a2200000 a 4500 | ||
|---|---|---|---|
| 001 | 1/108907 | ||
| 008 | 150926s1983####gr | ||| |||| ||gre|| | ||
| 040 | |a GR-MyUa |b gre |c GR-MyUa |e AACR2 | ||
| 041 | 0 | |a gre | |
| 082 | 7 | |a 512.5 |2 (23) | |
| 100 | 1 | |a Ρωμανός, Παναγιώτης. | |
| 245 | 1 | 0 | |a Θέματα γραμμικής άλγεβρας / |c Π. Ρωμανός. |
| 260 | |a [Αθήνα] : |b Gutenberg, |c 1983. | ||
| 300 | |a 116 σ. ; |c 24 εκ. | ||
| 500 | |a Θεωρία-Ασκήσεις Λυμένες για τις δέσμες I & IV. | ||
| 650 | 0 | |a Algebras, Linear. | |
| 650 | 0 | |a Algebras, Linear |x Problems, exercises, etc. | |
| 852 | |a INST |b SAMOS |c MAG |e 20150926 |h 512.5 ΡΩΜ |p 005300035108 |q 005300035108 |t BK |y 0 | ||
| 970 | |a Σιτζίμη |b Γιασεμή |z 26/09/2015 | ||